000 01163nam a22002417a 4500
005 20111102142633.0
008 111102t xxu||||| |||| 00| 0 mar d
010 _aMAR-21672
020 _c100.00
_a9788174345493
035 _aMR-14330
037 _bDBAD / PUB
040 _aDPL
_bMR
082 _a509.2
100 _935655
_aदेशपांडे,अ पां
245 _aविज्ञानयात्री :
_cअ पां देशपांडे तथा श्रीराम मनोहर
_bडॉ. अनिल काकोडकर /
246 _aVidnyanyatri: Dr.Anil Kakodkar
_bby A P Deshpande
260 _aपुणे
_bराजहंस प्रकाशन
_c2011
270 _a1025,सदाशिव पेठ
_bपुणे
_e411030
300 _a76पृ.
_c22सेमी(अजिल्द)
_bसचित्र
700 _aश्रीराम मनोहर
_936189
942 _2ddc
_cMR
_mदेशपां
_h509.2
999 _c58709
_d58709